30 anys : especialistes en administració pública especialistes en administració pública
Descripción Física:
1 punt de llibre : il·lustració color ; 19 x 5 cm
Idioma:
Catalán
MARC
| LEADER | 00000nrm a22000007a 4500 | ||
|---|---|---|---|
| 001 | 29365 | ||
| 003 | AGDB | ||
| 005 | 20260324181547.0 | ||
| 008 | 260211b spa||||| |||| 00| 0 cat d | ||
| 017 | |a B 12172-2024 | ||
| 040 | |a agdb |b cat | ||
| 245 | |a 30 anys : |b especialistes en administració pública | ||
| 260 | |a Barcelona : |b Diputació de Barcelona, |c 2024 | ||
| 300 | |a 1 punt de llibre : |b il·lustració color ; |c 19 x 5 cm | ||
| 500 | |a Punts de llibre editats per la Llibreria de la Diputació, en motiu de la celebració dels seus 30 anys. | ||
| 650 | 0 | |a Objectes publicitaris |9 54098 | |
| 655 | 0 | |a Punts de llibre |9 52700 | |
| 710 | |a Barcelona (Catalunya : Província). |b Llibreria |9 52413 | ||
| 710 | 1 | |a Barcelona (Catalunya : Província). |b Diputació |9 52408 | |
| 942 | |2 udc |c ARXIU |n 1 | ||
| 952 | |0 0 |1 0 |2 udc |4 0 |6 NBM2115 |7 1 |9 99132 |a Arxiu |b Arxiu |d 2026-02-11 |l 0 |o NBM-21-15 |p 29365 |r 2026-02-11 12:43:28 |w 2026-02-11 |y ARXIU | ||
| 999 | |c 130787 |d 130787 | ||